| 000 | 00927nam a2200253 a 4500 | ||
|---|---|---|---|
| 001 | 000008127 | ||
| 005 | 20200929154439.0 | ||
| 008 | 090915s1992 dr a 000 0 spa d | ||
| 040 |
_aDO-SdBNP _bspa _cBNPHU |
||
| 082 |
_a641.6565 _bE79c |
||
| 100 | 1 |
_aEstévez P. , Angela _922061 |
|
| 245 | 1 | 0 |
_a112 recetas con soya : _bla leguminosa de los mil usos / _cAngela Estévez P. ; prólogo Josefina A. Martínez de G. |
| 246 | 1 |
_aCiento doce recetas con soya : _bla legumiosa de los mil usos. |
|
| 260 |
_aSanto Domingo : _bSerrallés, _c1992. |
||
| 300 |
_a105 p. : _bil. ; _c21 cm. |
||
| 504 | _aBibliografía : p. 107 | ||
| 590 | _aInventariado, 2018/ YL | ||
| 650 | 4 |
_aSoya (cocina) _922062 |
|
| 650 | 4 |
_aLegumbres (cocina) _922063 |
|
| 650 | 4 |
_aSoya como alimento _922064 |
|
| 650 | 4 |
_aProductos de la soya _922065 |
|
| 700 | 1 |
_aMartínez de G. , Josefina A. _epról. _922066 |
|
| 910 | _aValidado. Control de calidad MMOLINA | ||
| 999 |
_c7904 _d7904 |
||